| 000 | 00608 a2200181 4500 | ||
|---|---|---|---|
| 999 |
_c48164 _d48164 |
||
| 003 | Nust | ||
| 005 | 20170111111427.0 | ||
| 008 | 170111b xxu||||| |||| 00| 0 eng d | ||
| 020 | _a817648962X | ||
| 020 | _a9788176489621 | ||
| 040 | _c0 | ||
| 082 | _a370.72 | ||
| 100 | 1 | _aSingh, Yogesh Kumar. | |
| 245 | 1 | 0 |
_aResearch methodology / _cYogesh Kumar Singh. |
| 260 |
_a[S.l.] : _bAPH Publishing Corporation, _c2005. |
||
| 300 | _a266p | ||
| 500 | _aHardcover. | ||
| 700 | 1 | _aNath, Ruchika. | |
| 856 | 4 | 0 |
_3Amazon.com _uhttp://www.amazon.com/exec/obidos/ASIN/817648962X/chopaconline-20 |
| 856 | 4 | 0 |
_3Amazon customer reviews _uhttp://www.chopac.org/cgi-bin/tools/azrev.pl?q=817648962X |
| 942 |
_cBK _k370.72 YOG _2ddc |
||